Statistics for Colours of Joseph's coat

Click here to take the quiz!

General Stats

  • This quiz has been taken 61 times
  • The average score is 20 of 29

Answer Stats

Answer% Correct
Red
100%
Yellow
100%
Green
98%
Blue
94%
Orange
94%
Purple
94%
Black
91%
Brown
85%
Grey
83%
Pink
83%
Violet
81%
Gold
79%
Silver
77%
White
77%
Mauve
66%
Ochre
66%
Crimson
64%
Cream
62%
Scarlet
60%
Peach
57%
Ruby
55%
Olive
53%
Azure
47%
Chocolate
47%
Lilac
47%
Rose
47%
Fawn
45%
Lemon
45%
Russet
45%

Score Distribution

Percentile by Number Answered

Percent of People with Each Score

Your Score History

You have not taken this quiz